Before we say goodbye /

The regulars at the magical Cǎf Funiculi Funicula are well acquainted with its famous legend and extraordinary time-travel offer. Many patrons have reunited with old flames, made amends with estranged family and visited loved ones. But the journey is not without risks, and there are rules to follow....

Full description

Bibliographic Details
Main Author: Kawaguchi, Toshikazu, 1971- (Author)
Other Authors: Trousselot, Geoffrey (Translator)
Format: Book
Language:English
Japanese
Published: London : Picador, 2023.
Series:Before the coffee gets cold ; bk. 4
Subjects:
Classic Catalogue: View this record in Classic Catalogue
LEADER 02487nam a22004217a 4500
001 44506
003 BD-DhAAL
005 20250723141934.0
008 250723t20232021enk e 000 f eng d
020 |a 9781035034444 
020 |a 9781035023431 
020 |a 9781035023424 
040 |a BD-DhAAL  |c BD-DhAAL 
041 |a eng  |h jpn 
082 |a 895.636  |2 23 
100 |a Kawaguchi, Toshikazu,  |d 1971-  |e author.  |9 58668 
240 |a Sayonaramo ienai uchi ni.  |l English 
245 |a Before we say goodbye /  |c Toshikazu Kawaguchi ; translated from the Japanese by Geoffrey Trousselot. 
260 |a London :  |b Picador,  |c 2023. 
300 |a 175 pages ;  |c 20 cm 
490 |a Before the coffee gets cold ;  |v bk. 4 
500 |a Originally published as: Sayonara mo ienai uchi ni. Tokyo : Sunmark Publishing, Inc., 2021. 
500 |a First published. 
505 |a I. The husband -- II. The farewell -- III. The proposal -- IV. The daughter. 
520 |a The regulars at the magical Cǎf Funiculi Funicula are well acquainted with its famous legend and extraordinary time-travel offer. Many patrons have reunited with old flames, made amends with estranged family and visited loved ones. But the journey is not without risks, and there are rules to follow. In the tradition of Toshikazu Kawaguchi's sensational Before the Coffee Gets Cold Series, readers will once again be introduced to a new set of visitors: the husband with something important left to say; the woman who couldn't bid her dog farewell; the woman who couldn't answer a proposal; and the daughter who drove her father away. 
541 |a Donated by Farhana Zahir, Assistant Professor, BRAC Business School  |e 44506 
546 |a Translated from the Japanese. 
650 |a Time travel  |v Fiction.  |9 58670 
650 |a Coffeehouses  |z Japan  |v Fiction.  |9 58823 
650 |a Life change events  |v Fiction. 
650 |a Interpersonal relations  |v Fiction. 
650 |a Japanese fiction.  |9 29355 
700 |a Trousselot, Geoffrey,  |e translator.  |9 58680 
830 |a Before the coffee gets cold ;  |v bk. 4  |9 58824 
852 |a Ayesha Abed Library  |c General Stacks 
942 |2 ddc  |c BK 
999 |c 47346  |d 47346 
952 |0 0  |1 0  |2 ddc  |4 0  |6 895_636000000000000_KAW  |7 0  |9 77894  |a BRACUL  |b BRACUL  |c NEW  |d 2025-07-23  |e Donated by Farhana Zahir, Assistant Professor, BRAC Business School  |l 2  |m 13  |o 895.636 KAW  |p 3010044506  |r 2025-11-04  |s 2025-10-13  |t 1  |w 2025-07-23  |y BK  |x Donated by Farhana Zahir, Assistant Professor, BRAC Business School ; £9.99 ;